| 000 | 00509nam a2200181 i 4500 | ||
|---|---|---|---|
| 001 | 72249 | ||
| 003 | ES-MaACL | ||
| 005 | 20251116063056.0 | ||
| 007 | t| | ||
| 008 | 040827s1952 sp ||||1| spa d | ||
| 100 | 1 |
_aGiménez-Arnau, J. A., _d1912-1985 _957030 |
|
| 245 | 1 | 0 |
_aDe pantalón largo / _cJ.A. Giménez-Arnau. |
| 250 | _a[1ª ed.]. | ||
| 260 |
_aBarcelona : _bDestino, _c[1952] ( _fAlfa) |
||
| 300 |
_a241 p. ; _c19 cm. |
||
| 852 |
_aES-MaACL _jD-8786 _bR.33009 |
||
| 999 |
_c72249 _d72249 |
||